Responses for Show #628 - Wednesday, May 6, 1987

Contestants

[<< previous game]

Leonard Kendall, a hotel night auditor from The Bronx, New York

Lee-Ann Rubenstein, a banker from Sherman Oaks, California

Phil Marino, a dentist from Clearwater, Florida (whose 1-day cash winnings total $4,190)

[next game >>]

Jeopardy! Round responses

POP GROUPS
RODENTS
VERY GRIMM FAIRY TALES
ROCKS & MINERALS
CELEBRITY BEAUTY TIPS
"PIN"s
    $100 2
Julian Lennon

Leonard
    $100 1
kangaroo rats

Leonard
    $100 26
Rumpelstiltskin

Phil
    $100 13
marble

Phil
    $100 19
Tina Turner

Phil
    $100 4
the Pinta

Phil
    $200 3
Mr. Mister

Triple Stumper
    $200 9
a squirrel

Phil
    $200 27
a wing

Phil
    $200 14
soapstone

Phil
    $200 20
Rodney Dangerfield

Leonard
    $200 5
pinto

Leonard
    $300 16
Berlin

Phil
    $300 10
a gopher

Phil
    $300 28
a finger

Lee-Ann
    $300 15
the sea (bodies of water)

Leonard
    $300 23
shrink (or contract)

Phil
    $300 6
a bobby pin

Phil
    $400 21
the Miami Sound Machine

Phil
    $400 11
(Lee-Ann: What is mink?)

a chinchilla

PhilLee-Ann
    $400 29
(Alex: I'd have figured the dog would go for [*].)
[Laughter]

the sausage

Triple Stumper
    $400 17
stalagmites

Phil
    $400 24
(Alex: We've got a minute to go in the round.)

Donna Mills

Leonard
    $400 7
pin the tail on the donkey

Phil
    $500 22
The Jets

Triple Stumper
    $500 12
(Phil: What are ferrets?

gerbils

Phil
Triple Stumper
    $500 30
the Wicked Stepsisters

Leonard
    $500 18
(Phil: What's a volcanic?)

sedimentary

Phil
Triple Stumper
    $500 25
yoga positions

Lee-Ann
    $800 8
a pinafore

Phil

Scores at the first commercial break (after clue 13):

Phil Lee-Ann Leonard
$2,100 -$400 $400

Scores at the end of the Jeopardy! Round:

Phil Lee-Ann Leonard
$3,600 $400 $1,800

Double Jeopardy! Round responses

VICE-PRESIDENTS
MEDICINE
COLLEGE NICKNAMES
WONDERS
WEATHER
(Alex: And since we had "PIN"s in the opening round, we have...)
"NEEDLE"s
    $200 2
Johnson

Leonard
    $200 8
polio

Phil
    $200 7
Fighting

Phil
    $200 1
the Olympics

Leonard
    $200 14
nuclear winter

Leonard
    $200 26
a needle in a haystack

Phil
    $400 3
35

Leonard
    $400 9
sleep

Leonard
    $400 10
crimson

Leonard
    $400 20
South America

Leonard
    $400 15
Russia

Leonard
    $400 28
needlepoint

Lee-Ann
    $600 4
Rockefeller

Leonard
    $600 17
the AMA (American Medical Association)

Phil
    $600 11
the Naval Academy

Leonard
    $600 21
the Taj Mahal

Leonard
    $600 16
January

Phil
    $600 29
pins and needles

Phil
    $1,000 5
(2 of) resignation, death & removal from office

Leonard
    $800 18
quinine

Phil
    $800 12
the Elis

Triple Stumper
    $300 22
(Alex: [*] from the [*] Suite.)

the Grand Canyon

Leonard
    $800 23
(Leonard: What is the barometric pressure?)
[Originally ruled correct; reversed before Final Jeopardy!]

barometer

Leonard
Triple Stumper
    $800 30
the Space Needle

Phil
    $1000 6
[Applause for Leonard's run of the category]

Madison

Leonard
    $1000 19
orthopedic

Leonard
    $1000 13
Big Red

Triple Stumper
    $1000 25
Antarctica

Leonard
    $1000 24
(Leonard: What are droplets?)

drizzle

PhilLeonard
    $1000 27
The Eye of the Needle

Lee-Ann

Scores at the end of the Double Jeopardy! Round:

Phil Lee-Ann Leonard
$8,600 $1,800 $8,700

[wagering suggestions for these scores]

Final Jeopardy! Round responses

STATE SONGS
Lee-AnnWhat is No place like h
$1,800
PhilWhat is Home on the Range?
$7,750
LeonardWhat is Buffalo Bill?
$8,600
"Home On The Range"

Final scores:

Phil Lee-Ann Leonard
$16,350 $0 $100
2-day champion: $20,540 3rd place: Stained Glass Overlay glass window treatment 2nd place: Pine Factory home furniture + Zenith 9" color TV

Game dynamics:

Coryat scores:

Phil Lee-Ann Leonard
$8,300 $1,800 $9,000
25 R
(including 1 DD),
2 W
4 R,
1 W
23 R
(including 2 DDs),
2 W

Combined Coryat: $19,100

[game clues] [game scores] [suggest correction]

Game tape date: 1987-01-13
The J! Archive is created by fans, for fans. Scraping, republication, monetization, and malicious use prohibited; this site may use cookies and collect identifying information. See terms. The Jeopardy! game show and all elements thereof, including but not limited to copyright and trademark thereto, are the property of Jeopardy Productions, Inc. and are protected under law. This website is not affiliated with, sponsored by, or operated by Jeopardy Productions, Inc. Join the discussion at JBoard.tv.